Ordenanza general de construcciones y urbanización
Guardat en:
| Format: | Llibre |
|---|---|
| Idioma: | espanyol |
| Publicat: |
Santiago
Jurídica Ediar-ConoSur
1987
|
| Matèries: | |
| Etiquetes: |
Afegir etiqueta
Sense etiquetes, Sigues el primer a etiquetar aquest registre!
|
MARC
| LEADER | 00000nam a2200000 a 4500 | ||
|---|---|---|---|
| 001 | UCY1242 | ||
| 003 | CL-VaPUC | ||
| 008 | 940825e19870000CL |||||||||||||||||spa|d | ||
| 082 | 0 | 4 | |a 346.044 |b ORD |2 21 |
| 245 | 1 | 0 | |a Ordenanza general de construcciones y urbanización |
| 300 | |a 192 p | ||
| 942 | |c BK | ||
| 945 | |d 19940825 00:00:00 |a aalvarez | ||
| 260 | |a Santiago |b Jurídica Ediar-ConoSur |c 1987 | ||
| 500 | |a p.1: Disposiciones relativas a las construcciones | ||
| 500 | |a p.2: Disposiciones relativas a la urbanización | ||
| 650 | 0 | |a Planificación urbana |9 258176 | |
| 650 | 0 | |a Aspectos jurídicos |9 328188 | |
| 650 | 0 | |a Construcción |9 260195 | |
| 651 | 7 | |a CHILE |2 CL-VaPUC |9 329184 | |
| 583 | |a last modification |c 20160929 09:04:55 |k Rodrigo Vera | ||
| 999 | |c 230010 |d 230008 | ||
| 952 | |0 0 |1 0 |4 0 |6 346_044000000000000_ORD_1987 |7 0 |8 A |9 231824 |a BIBDER |b BIBDER |d 2019-11-15 |i 3013820 |o 346.044 ORD 1987 |p 3013820 |r 2023-01-25 |w 2019-11-15 |y BK |k DER | ||